000 01097nam a22003257a 4500
001 BR9803328
003 BR-BrBNA
005 20230928100022.0
007 ta
008 230509b bl.||||| |||| 00| 0 por d
040 _aBR-BrBNA
_bpor
_cBiblioteca Nacional de Agricultura
041 _a(Por)
072 _aL73
_b5212
_b4150
090 _ 5212 BR9803328
100 1 _aMelo, C.B. de
110 1 _aUniversidade Federal de Minas Gerais, Belo Horizonte (Brasil). Escola de Veterinaria
_0Tese (Mestre em Medicina Veterinaria)
245 1 _aDistribuicao de anticorpos neutralizantes contra o herpesvirus bovino 1 (HVB 1)em rebanhos bovinos de aptidao leiteira e de corte do Estado de Minas Gerais
260 3 _aBelo Horizonte, MG (Brasil):
_c1998.
300 _a82 p.
500 _a34 ref.; Summaries (Eng, Por); 8 illus.; 25 tables
650 _aGado Leiteiro
650 _aGado de Corte
650 _aDoenca Animal
650 _aImunoglobulina
650 _aAnticorpo
650 _aVirose Animal
650 _aMinas Gerais
909 _a202309
_bLucia
_c55
_dLucia Elande
942 _cBK
999 _c59896
_d59896